| 000 | 00639nam a2200193Ia 4500 | ||
|---|---|---|---|
| 008 | 090123s9999 xx 000 0 und d | ||
| 082 |
_b17249 _a891.463/भाग |
||
| 100 | _aला मिझरेबल्स | ||
| 245 | _aदु:ख पर्वताएवढे | ||
| 250 | _a2 | ||
| 260 |
_bसंजय प्रकाशन _c1982 |
||
| 300 | _a423 | ||
| 600 | _aला मिझरेबल्स | ||
| 630 | _aदु:ख पर्वताएवढे | ||
| 700 | _aला मिझरेबल्स | ||
| 700 | _aभागवत भा.रा. | ||
| 730 | _aदु:ख पर्वताएवढे | ||
| 942 | _cBOOK | ||
| 999 |
_c55309 _d55309 |
||